|
|
|
|
| LEADER |
01096nam a2200337 4500 |
| 001 |
DLU090097867 |
| 005 |
##20091201 |
| 040 |
# |
# |
|a DLU
|b eng
|
| 041 |
# |
# |
|a eng
|
| 044 |
# |
# |
|a us
|
| 245 |
# |
# |
|a Liquid chromatography with mass spectrometry in tandem mode alied for the identification of wine markers in residues from ancient Egyptian vessels /
|c Maria Rosa Guasch-Jane ... [et al.].
|
| 653 |
# |
# |
|a Archaeology
|
| 653 |
# |
# |
|a Liquid chromatography
|
| 653 |
# |
# |
|a Mass spectrometry
|
| 653 |
# |
# |
|a Residue
|
| 653 |
# |
# |
|a Tartaric acids
|
| 700 |
# |
# |
|a Andres-Lacueva, Cristina.
|
| 700 |
# |
# |
|a Guasch-Jane, Maria Rosa.
|
| 700 |
# |
# |
|a Ibern-Gomez, Maite.
|
| 700 |
# |
# |
|a Jauregui, Olga.
|
| 700 |
# |
# |
|a Lamuela-Raventos, Rosa Maria.
|
| 773 |
# |
# |
|t Analytical Chemistry
|g Vol. 76, no. 6 (March 2004), p. 1672-1677
|
| 920 |
# |
# |
|a Phòng Tạp chí -- Trung tâm Thông tin - Thư viện Trường Đại học Đà Lạt
|
| 994 |
# |
# |
|a DLU
|
| 900 |
# |
# |
|a True
|
| 911 |
# |
# |
|a Trương Bảo Trâm Anh
|
| 925 |
# |
# |
|a G
|
| 926 |
# |
# |
|a A
|
| 927 |
# |
# |
|a BB
|
| 980 |
# |
# |
|a Thư viện Trường Đại học Đà Lạt
|